|
|
|
|
| LEADER |
03994nam a22003973i 4500 |
| 001 |
EBC7100919 |
| 003 |
MiAaPQ |
| 005 |
20240729202203.0 |
| 006 |
m o d | |
| 007 |
cr cnu|||||||| |
| 008 |
240729s1975 xx o ||||0 ger d |
| 020 |
|
|
|a 9783428434633
|q (electronic bk.)
|
| 020 |
|
|
|z 9783428034635
|
| 035 |
|
|
|a (MiAaPQ)EBC7100919
|
| 035 |
|
|
|a (Au-PeEL)EBL7100919
|
| 035 |
|
|
|a (OCoLC)1347024038
|
| 040 |
|
|
|a MiAaPQ
|b eng
|e rda
|e pn
|c MiAaPQ
|d MiAaPQ
|
| 100 |
1 |
|
|a Lampert, Heinz.
|
| 245 |
1 |
0 |
|a Neue Dimensionen der Arbeitsmarktpolitik in der BRD.
|
| 250 |
|
|
|a 1st ed.
|
| 264 |
|
1 |
|a Berlin :
|b Duncker & Humblot,
|c 1975.
|
| 264 |
|
4 |
|c ©1975.
|
| 300 |
|
|
|a 1 online resource (96 pages)
|
| 336 |
|
|
|a text
|b txt
|2 rdacontent
|
| 337 |
|
|
|a computer
|b c
|2 rdamedia
|
| 338 |
|
|
|a online resource
|b cr
|2 rdacarrier
|
| 490 |
1 |
|
|a Schriften des Vereins Für Socialpolitik Series
|
| 505 |
0 |
|
|a Intro -- Vorwort des Herausgebers -- Inhaltsverzeichnis -- Dieter Mertens, Erlangen: Quantitative Arbeitsmarktpolitik. Aktuelle Zielprobleme der Arbeitsmarktpolitik und Arbeitsmarktforschung -- 1. Thesen zur Einleitung: Begründung für eine quantitative Arbeitsmarktpolitik -- 2. Entscheidungsmuster -- 3. Die Zuwanderungsfrage (Entscheidungsbeispiel) -- 4. Ein Anforderungskatalog für eine konkrete arbeitsmarktpolitische Programmatik -- Hinweise zur Literatur -- Gerhard Kleinhenz, Köln: „Qualität der Arbeit" als Ziel der Sozialpolitik. Grundlegende Überlegungen über Möglichkeiten der Operationalisierung und der Verwirklichung qualitativer Zielsetzungen für die abhängige Beschäftigung -- Einführung: Die Relevanz der Problemstellung in der politischen Ökonomie der Arbeit und der praktischen Arbeitsmarktpolitik -- I. Methodische Probleme und kategorialer Rahmen der Operationalisierung des Ziels „Qualität der Arbeit" -- II. Operationalisierung des Ziels „Qualität der Arbeit" -- A. Die für die Operationalisierung zugrundegelegten allgemeinen gesellschaftspolitischen Wertvorstellungen -- B. Konkretisierung der „Qualität der Arbeit" auf der Grundlage der verwendeten Wertvorstellungen und begründeter Vermutungen über die Realität -- 1. Zur Bestimmung der Interessen der Arbeitnehmer an der Arbeit -- 2. Erste inhaltliche Konkretisierung qualitativer Zielsetzungen für die Interessen und die Fähigkeiten der Arbeitnehmer -- 3. Konkretisierung der Anforderungen an die Arbeitsbedingungen -- C. Hinweise auf die Möglichkeiten der Verfolgung des Ziels „Qualität der Arbeit" durch die legitimen Entscheidungsträger -- Ulrich Pagenstecher, Nürnberg: Die sozialpolitische Bedeutung „allokativer" Arbeitsmarktpolitik -- Problemstellung -- I. Sozialpolitische Relevanz und sozialpolitische Aufgaben allokativer Arbeitsmarktpolitik -- 1. Sozialpolitische Ziele.
|
| 505 |
8 |
|
|a 2. Die sozialpolitische Relevanz der Allokationsprozesse auf dem Arbeitsmarkt -- 3. „Minimierung von Arbeitsleid" als sozialpolitische Aufgabe allokativer Arbeitsmarktpolitik -- II. Aktionsmöglichkeiten und -grenzen -- 1. Verbesserung der Berufsinformationen -- 2. Administrative Beschäftigungssperren -- 3. Abbau von Mobilitätshindernissen -- 4. Schutz vor erzwungener Mobilität -- III. Zur wohlfahrtspoIitischen Zweckmäßigkeit einer "rein sozialpolitischen" Allokationspolitik.
|
| 588 |
|
|
|a Description based on publisher supplied metadata and other sources.
|
| 590 |
|
|
|a Electronic reproduction. Ann Arbor, Michigan : ProQuest Ebook Central, 2024. Available via World Wide Web. Access may be limited to ProQuest Ebook Central affiliated libraries.
|
| 655 |
|
4 |
|a Electronic books.
|
| 776 |
0 |
8 |
|i Print version:
|a Lampert, Heinz
|t Neue Dimensionen der Arbeitsmarktpolitik in der BRD
|d Berlin : Duncker & Humblot,c1975
|z 9783428034635
|
| 797 |
2 |
|
|a ProQuest (Firm)
|
| 830 |
|
0 |
|a Schriften des Vereins Für Socialpolitik Series
|
| 856 |
4 |
0 |
|u https://ebookcentral.proquest.com/lib/matrademy/detail.action?docID=7100919
|z Click to View
|